000 02319cam a22005534i 4500
003 PE-LiUPU
005 20250731180119.0
008 150616s1991 pe a rb 000 0 spa d
035 _a(Sirsi) a2683
040 _aPE-LiUPU
_bspa
_cPE-LiUPU
_erda
049 _aPRUA
082 0 4 _a515.35
_bE86
_221
100 1 _aEspinoza Ramos, Eduardo,
_d1946-,
_eautor.
245 1 0 _aEcuaciones diferenciales y sus aplicaciones /
_cEduardo Espinoza Ramos.
264 1 _aLima :
_b[s.e.],
_c1991.
300 _a442 páginas :
_bilustraciones ;
_c20 centímetros
336 _atext
_2rdacontent
337 _aunmediated
_2rdamedia
338 _avolume
_2rdacarrier
504 _aIncluye bibliografía.
505 0 _aConceptos básicos -- Ecuaciones diferenciales ordinarias de 1er orden y de 1er grado -- Aplicaciones de las ecuaciones diferenciales -- Ecuaciones diferenciales de orden superior -- Ecuaciones diferenciales de orden n -- Operaciones diferenciales -- Ecuaciones diferenciales de coeficiente variable -- Sistema de ecuaciones diferenciales de coeficiente constante -- Solución en serire potencias.
526 _aSEG44
526 _aSEG26
526 _aP159
526 _aP155
526 _aP154
526 _aP153
526 _aP150
526 _aP100
526 _aP31
526 _aP30
526 _aP26
526 _aP25
526 _aP24
526 _aP22
526 _aP15
526 _aP10
650 0 4 _aEcuaciones diferenciales.
_9176
910 _ajck
_bjvq
_cjck
942 _2ddc
_cBOOK
949 _a515.35 E86
_wDEWEY
_c1
_i32154
_lCCODEBUL1
_mBUL
_p22.00
_r0
_sY
_tBOOK
_u19920507
_xEDUCACION
_PP20
_0COMPRA
_o.STAFF. Colección General
949 _a515.35 E86
_wDEWEY
_c2
_i32153
_lCCODEBUL1
_mBUL
_p22.00
_r0
_sY
_tBOOK
_u19920507
_xEDUCACION
_PP20
_0COMPRA
_o.STAFF. Colección General
994 _aC0
_bPEPRU
596 _a1
999 _a515.35 E86
_wDEWEY
_c33903
_i32154
_d33903
_e2015-11-29
_f2021-11-5
_g5
_lCCODEBUL1
_mBUL
_n1
_p22.00
_r0
_sY
_tBOOK
_u2015-6-16
_xBIBLIOTECA
_PP20
_0COMPRA
_o.STAFF. Colección General
999 _a515.35 E86
_wDEWEY
_c2
_i32153
_f2021-11-5
_g5
_lCCODEBUL1
_mBUL
_r0
_sY
_tBOOK
_u2015-6-16
_xBIBLIOTECA
_PP20
_0COMPRA
_o.STAFF. Colección General
980 _81
_gALBERTO SANCHEZ Responsable de Automatización